| 000 | 00772nam a22002532a 4500 | ||
|---|---|---|---|
| 001 | 30561 | ||
| 003 | BD-RjUL | ||
| 005 | 20211209051600.0 | ||
| 008 | 140410s1982 nju b 001 0 eng d | ||
| 020 | _a0130959014 (pbk.) | ||
| 035 |
_aOCLC ocm07672233 from D950411M _a(BD-RjUL)30647 |
||
| 040 |
_aDLC _cDLC _dBD-RjUL _beng |
||
| 041 | _aeng | ||
| 082 |
_a174.4 _219 _bBOB 1982 |
||
| 100 | 1 |
_aBowie, Norman E. _d1942- _92774 |
|
| 245 | 1 | 0 |
_aBusiness ethics / _cNorman Bowie. |
| 260 |
_aEnglewood Cliffs, N.J : _bPrentice-Hall, _cc1982. |
||
| 300 |
_axiii, 159 p. ; _c23 cm |
||
| 504 | _aIncludes bibliographical references and index. | ||
| 650 | 0 |
_aBusiness ethics. _992853 |
|
| 830 | 0 |
_aOccupational ethics series. _996821 |
|
| 942 |
_2ddc _cBK |
||
| 999 |
_c30561 _d30561 |
||